[Event "4NCL Division 1b"]
[Site "Birmingham, ENG ENG"]
[Date "2015.11.14"]
[Round "1.178"]
[White "Howell, Chris I"]
[Black "Needham, Sabrina"]
[Result "1/2-1/2"]
[WhiteElo "2057"]
[BlackElo "1757"]
[PlyCount "126"]
[EventDate "2015.11.14"]
[WhiteTeam "Sussex Martlets 1"]
[BlackTeam "Cambridge University 1"]

1. e4 c5 2. a3 Nc6 3. b4 b6 4. Nf3 Bb7 5. bxc5 bxc5 6. Nc3 Nf6 7. Rb1 Rb8 8.
Bc4 e6 9. Qe2 Nd4 10. Qd3 Nxf3+ 11. Qxf3 Be7 12. Rxb7 Rxb7 13. e5 Qb8 14. exf6
Bxf6 15. O-O O-O 16. Ne4 Be7 17. Ng3 d5 18. Ba2 Rb6 19. d3 Qe5 20. Qg4 Bd6 21.
f4 Qc3 22. Bb3 c4 23. Ne2 Bc5+ 24. Kh1 Qa1 25. dxc4 dxc4 26. Bxc4 Bxa3 27. Bb3
Bxc1 28. Rxc1 Qb2 29. Rd1 Ra6 30. h4 Ra5 31. Kh2 Ra6 32. h5 h6 33. Rd3 Qf6 34.
Ng3 Ra5 35. Rf3 Rd8 36. Ne4 Qf5 37. Qxf5 exf5 38. Nc3 Rc5 39. Na4 Rc6 40. Re3
Kf8 41. Re5 g6 42. Nc5 Rd2 43. Nd3 gxh5 44. Rxf5 Rg6 45. Rxf7+ Ke8 46. Ne1 Re2
47. Rxa7 Rg4 48. Ra1 Rxf4 49. Bd5 Rf1 50. Ra8+ Ke7 51. Ra7+ Kd6 52. Bc4 Rfxe1
53. Bxe2 Rxe2 54. c4 Rc2 55. Ra4 Ke6 56. Kg3 h4+ 57. Kh3 Kf5 58. Ra5+ Kf4 59.
Rc5 Rc1 60. Kh2 Kg4 61. Rc8 Rc2 62. Rg8+ Kh5 63. Rc8 Kg4 1/2-1/2

[Event "4NCL Division 1b"]
[Site "Birmingham, ENG ENG"]
[Date "2015.11.14"]
[Round "1.181"]
[White "Chow, Sam"]
[Black "Sanders, Isaac B"]
[Result "0-1"]
[WhiteElo "2307"]
[BlackElo "2326"]
[PlyCount "152"]
[EventDate "2015.11.14"]
[WhiteTeam "South Wales Dragons"]
[BlackTeam "Barbican 4NCL 2"]

1. d4 f5 2. Bg5 h6 3. Bh4 g5 4. Bg3 Nf6 5. e3 d6 6. Nf3 Bg7 7. c4 O-O 8. Nc3 c6
9. Qc2 Qe8 10. O-O-O Nh5 11. c5 dxc5 12. Bc4+ Kh8 13. Bxb8 Rxb8 14. dxc5 b6 15.
cxb6 axb6 16. Bb3 b5 17. Ne2 Bd7 18. Qc5 Nf6 19. Ng3 f4 20. exf4 gxf4 21. Ne5
fxg3 22. Qc2 Nd5 23. Ng6+ Kg8 24. Nxf8 Qxf8 25. hxg3 Bf5 26. Qc5 e6 27. Qxf8+
Rxf8 28. Rhe1 h5 29. f4 Kf7 30. Bc2 Bxc2 31. Kxc2 Bf6 32. Rd2 Rg8 33. Rh1 Rxg3
34. Rxh5 Nxf4 35. Rc5 Nxg2 36. Rxc6 Ne3+ 37. Kb1 Nd5 38. Rc1 Ke7 39. Rh1 b4 40.
Rdh2 Nf4 41. Rf1 Be5 42. Rhf2 Nd3 43. Rf3 Rxf3 44. Rxf3 Nxb2 45. Rh3 Na4 46.
Kc2 Nc3 47. Kb3 Nd5 48. a3 bxa3 49. Kxa3 Nf4 50. Re3 Kf6 51. Kb3 Kf5 52. Kc2
Bd4 53. Ra3 e5 54. Kd2 e4 55. Ra5+ Ke6 56. Ra6+ Ke5 57. Ra3 Nd5 58. Ke2 Nc3+
59. Ke1 e3 60. Ra8 Ke4 61. Re8+ Kd3 62. Rxe3+ Kxe3 63. Kf1 Kf3 64. Ke1 Ne4 65.
Kd1 Kf2 66. Kc2 Nc5 67. Kd2 Be5 68. Kd1 Bc3 69. Kc2 Bb4 70. Kd1 Ke3 71. Kc2 Ke2
72. Kc1 Kd3 73. Kd1 Na4 74. Kc1 Bd2+ 75. Kb1 Kc3 76. Ka2 Kb4 0-1

[Event "4NCL Division 1b"]
[Site "Birmingham, ENG ENG"]
[Date "2015.11.14"]
[Round "1.182"]
[White "Dorrington, Chris J"]
[Black "Cooper, John G"]
[Result "1-0"]
[WhiteElo "2329"]
[BlackElo "2272"]
[PlyCount "67"]
[EventDate "2015.11.14"]
[WhiteTeam "Barbican 4NCL 2"]
[BlackTeam "South Wales Dragons"]

1. Nf3 Nf6 2. d4 g6 3. c4 Bg7 4. Nc3 O-O 5. e4 d6 6. Be2 e5 7. O-O Nc6 8. d5
Ne7 9. Ne1 Nd7 10. Be3 f5 11. f3 f4 12. Bf2 g5 13. Nb5 b6 14. b4 a6 15. Nc3 Rf6
16. Nd3 Rh6 17. Be1 Nf6 18. Nf2 Rg6 19. a4 h5 20. h3 Kh8 21. a5 bxa5 22. Rxa5
Neg8 23. b5 Nh6 24. bxa6 g4 25. fxg4 hxg4 26. hxg4 Nfxg4 27. Nxg4 Nxg4 28. Bxg4
Bxg4 29. Qd3 Qc8 30. a7 Bh3 31. Rf2 Rg3 32. Rf3 Bxg2 33. Rxg3 fxg3 34. Kxg2 1-0

[Event "4NCL Division 1b"]
[Site "Birmingham, ENG ENG"]
[Date "2015.11.14"]
[Round "1.183"]
[White "Strugnell, Carl"]
[Black "Buchicchio, Giampaolo"]
[Result "1-0"]
[WhiteElo "2242"]
[BlackElo "2334"]
[PlyCount "81"]
[EventDate "2015.11.14"]
[WhiteTeam "South Wales Dragons"]
[BlackTeam "Barbican 4NCL 2"]

1. e4 c5 2. Nc3 Nc6 3. Bb5 Nd4 4. Nf3 Nxb5 5. Nxb5 d6 6. d4 Nf6 7. Nc3 Bg4 8.
Be3 cxd4 9. Qxd4 e5 10. Qd3 Be7 11. Bg5 Nh5 12. Bxe7 Qxe7 13. Nd5 Qd7 14. Nd2
O-O 15. Nc4 f5 16. Qb3 Kh8 17. h3 fxe4 18. hxg4 Qxg4 19. Qh3 Nf6 20. Nxf6 Qxh3
21. Rxh3 Rxf6 22. Rd1 Raf8 23. Rxd6 Rxf2 24. Rd8 Rf1+ 25. Ke2 R1f2+ 26. Ke3
Rxd8 27. Kxf2 b5 28. Ne3 g6 29. Ke2 b4 30. Ng4 Rc8 31. c3 Rc5 32. Nf6 Kg7 33.
Nxe4 Ra5 34. cxb4 Rxa2 35. Rb3 a5 36. Nc3 Ra1 37. b5 a4 38. Rb4 a3 39. bxa3
Rxa3 40. b6 Ra8 41. b7 1-0

[Event "4NCL Division 1b"]
[Site "Birmingham, ENG ENG"]
[Date "2015.11.14"]
[Round "1.184"]
[White "Cox, John J"]
[Black "Kett, Tim"]
[Result "0-1"]
[WhiteElo "2346"]
[BlackElo "2190"]
[PlyCount "60"]
[EventDate "2015.11.14"]
[WhiteTeam "Barbican 4NCL 2"]
[BlackTeam "South Wales Dragons"]

1. d4 Nf6 2. c4 e6 3. Nf3 d5 4. Nc3 c6 5. e3 Nbd7 6. b3 Bd6 7. Be2 O-O 8. O-O
Qe7 9. Bb2 Re8 10. Qc2 dxc4 11. bxc4 e5 12. Rad1 e4 13. Nd2 Nf8 14. Rfe1 Ng6
15. g3 h5 16. f3 h4 17. Ndxe4 hxg3 18. Bd3 Nh4 19. Qe2 gxh2+ 20. Kh1 Bh3 21.
Nxd6 Qxd6 22. f4 Ng4 23. Ne4 Qh6 24. Rd2 f5 25. Ng5 Bg2+ 26. Qxg2 Nxg2 27. Rxg2
Qh4 28. Ree2 Rxe3 29. Rxh2 Nxh2 30. Rxe3 Ng4+ 0-1

[Event "4NCL Division 1b"]
[Site "Birmingham, ENG ENG"]
[Date "2015.11.14"]
[Round "1.185"]
[White "Williamson, Roger G"]
[Black "Taylor, Martin R"]
[Result "0-1"]
[WhiteElo "2188"]
[BlackElo "2325"]
[PlyCount "84"]
[EventDate "2015.11.14"]
[WhiteTeam "South Wales Dragons"]
[BlackTeam "Barbican 4NCL 2"]

1. d4 d5 2. c4 c6 3. Nf3 Nf6 4. Qc2 dxc4 5. e4 b5 6. b3 cxb3 7. axb3 e6 8. Bd2
a5 9. Bd3 Bb7 10. O-O Be7 11. Nc3 Na6 12. e5 Nd7 13. Bxh7 Nb4 14. Qb1 c5 15.
Be4 Qb6 16. Be3 Nc6 17. d5 Ncxe5 18. Nxe5 Nxe5 19. dxe6 fxe6 20. Bxb7 Qxb7 21.
f4 Nf7 22. Qd3 O-O 23. Qxb5 Qxb5 24. Nxb5 Rab8 25. Na3 Rxb3 26. Nc4 Ra8 27. Ra4
Nd8 28. Bd2 Nc6 29. Nxa5 Rd3 30. Rfa1 Nxa5 31. Bxa5 Bf6 32. R1a2 Rd4 33. R4a3
Rxf4 34. g3 Bd4+ 35. Kg2 Rf7 36. Bb6 Rxa3 37. Rxa3 Rf2+ 38. Kh3 e5 39. Ra4 Rb2
40. Bc7 e4 41. Ra7 e3 42. Bf4 e2 0-1

[Event "4NCL Division 1b"]
[Site "Birmingham, ENG ENG"]
[Date "2015.11.14"]
[Round "1.186"]
[White "Knott, Simon J B"]
[Black "Redmond, John P"]
[Result "1/2-1/2"]
[WhiteElo "2328"]
[BlackElo "2203"]
[PlyCount "64"]
[EventDate "2015.11.14"]
[WhiteTeam "Barbican 4NCL 2"]
[BlackTeam "South Wales Dragons"]

1. Nf3 d5 2. d4 Nf6 3. c4 e6 4. g3 Bb4+ 5. Bd2 Bd6 6. Bg2 O-O 7. O-O c6 8. Qc2
Nbd7 9. Bg5 h6 10. Bxf6 Nxf6 11. Nbd2 b6 12. e4 Be7 13. e5 Nd7 14. cxd5 cxd5
15. Rfc1 Nb8 16. Bf1 Bd7 17. Qc7 Qe8 18. Qc3 Nc6 19. a3 Rc8 20. Qe3 Nb8 21. b4
a6 22. h4 Ba4 23. Rc3 Rxc3 24. Qxc3 Qc6 25. Qxc6 Bxc6 26. Rc1 Rc8 27. Nb1 Bd7
28. Rc3 f5 29. Ne1 g5 30. hxg5 hxg5 31. Nc2 Kf7 32. Rxc8 Bxc8 1/2-1/2

[Event "4NCL Division 1b"]
[Site "Birmingham, ENG ENG"]
[Date "2015.11.14"]
[Round "1.187"]
[White "Zeidler, Sven P"]
[Black "Rogers, Jonathan W"]
[Result "1-0"]
[WhiteElo "2160"]
[BlackElo "2294"]
[PlyCount "77"]
[EventDate "2015.11.14"]
[WhiteTeam "South Wales Dragons"]
[BlackTeam "Barbican 4NCL 2"]

1. e4 e5 2. Nf3 Nc6 3. c3 f5 4. d4 fxe4 5. Nxe5 Nf6 6. Bg5 Be7 7. Be2 O-O 8.
O-O d5 9. f3 Bf5 10. Nd2 Nxe5 11. dxe5 Nd7 12. Bxe7 Qxe7 13. fxe4 dxe4 14. Nc4
Nc5 15. Qd5+ Kh8 16. Nd6 cxd6 17. exd6 Qg5 18. Qxc5 h6 19. Rad1 b6 20. Qf2 Rad8
21. Qg3 Qxg3 22. hxg3 Rf6 23. g4 Bc8 24. Rxf6 gxf6 25. Kf2 Kg7 26. Ke3 f5 27.
gxf5 Bxf5 28. Kf4 Kf6 29. b4 Rg8 30. g4 Be6 31. c4 h5 32. g5+ Rxg5 33. d7 Bxd7
34. Rd6+ Be6 35. Rxe6+ Kxe6 36. Kxg5 Ke5 37. Kxh5 Kd4 38. Kg5 Kc3 39. c5 1-0

[Event "4NCL Division 1b"]
[Site "Birmingham, ENG ENG"]
[Date "2015.11.14"]
[Round "1.188"]
[White "Regan, Natasha K"]
[Black "Smith, Olivia"]
[Result "1-0"]
[WhiteElo "2052"]
[BlackElo "2000"]
[PlyCount "131"]
[EventDate "2015.11.14"]
[WhiteTeam "Barbican 4NCL 2"]
[BlackTeam "South Wales Dragons"]

1. Nf3 g6 2. c4 Bg7 3. Nc3 d6 4. g3 e5 5. d4 Nc6 6. d5 Nce7 7. Bg2 f5 8. b4 Nf6
9. O-O O-O 10. Qb3 f4 11. gxf4 exf4 12. Bxf4 Nfxd5 13. Nxd5 Nxd5 14. Bg5 Nf6
15. c5+ Kh8 16. cxd6 Qxd6 17. Rad1 Be6 18. Rxd6 Bxb3 19. Rxf6 Bxf6 20. axb3
Bxg5 21. Nxg5 Rf5 22. Ne6 c6 23. Nc5 Rf4 24. Nd3 Rd4 25. Ra1 Re8 26. Kf1 a6 27.
Rc1 Red8 28. Bf3 Kg7 29. Rc4 Rxc4 30. bxc4 Rd4 31. c5 a5 32. bxa5 Ra4 33. Kg2
Rxa5 34. Kg3 Ra4 35. Bg4 Re4 36. Kf3 Re7 37. e4 b6 38. cxb6 Rb7 39. e5 Rxb6 40.
Bd7 g5 41. Ke4 h6 42. Kd4 Ra6 43. Kc5 Ra3 44. Bf5 Rc3+ 45. Kd6 Rc4 46. Nc5 Rd4+
47. Kxc6 Kf7 48. Ne4 Ke7 49. h3 Ra4 50. f3 Ra5 51. Nc5 Ra3 52. Bd3 Ra8 53. Kd5
Rf8 54. Be4 Rd8+ 55. Kc4 Rf8 56. Kd4 h5 57. Ke3 Rc8 58. Nd3 Rc4 59. Nf2 Ke6 60.
f4 gxf4+ 61. Kxf4 Rc7 62. Bf5+ Ke7 63. Kg5 Rc4 64. h4 Rc1 65. Nd3 Rf1 66. Nf4
1-0